A handbook of the Indian public schools. (Record no. 68127)

MARC details
000 -LEADER
fixed length control field 00666cam a22002051 4500
001 - CONTROL NUMBER
control field sa 66002032
003 - CONTROL NUMBER IDENTIFIER
control field DLC
005 - DATE AND TIME OF LATEST TRANSACTION
control field 20260227112226.0
008 - FIXED-LENGTH DATA ELEMENTS--GENERAL INFORMATION
fixed length control field 770801s1964 ii ac 100 0 eng
010 ## - LIBRARY OF CONGRESS CONTROL NUMBER
LC control number sa 66002032
035 ## - SYSTEM CONTROL NUMBER
System control number (OCoLC)3151073
040 ## - CATALOGING SOURCE
Original cataloging agency DLC
Transcribing agency CCC
Modifying agency DLC
042 ## - AUTHENTICATION CODE
Authentication code premarc
050 00 - LIBRARY OF CONGRESS CALL NUMBER
Classification number L961.I4
Item number I55
111 2# - MAIN ENTRY--MEETING NAME
Meeting name or jurisdiction name as entry element Indian Public Schools Conference.
245 12 - TITLE STATEMENT
Title A handbook of the Indian public schools.
Remainder of title Issued on the 25th anniversary of the founding of the Indian Public Schools (Headmasters') Conference.
260 ## - PUBLICATION, DISTRIBUTION, ETC.
Place of publication, distribution, etc. [New Delhi?
Date of publication, distribution, etc. 1964.
300 ## - PHYSICAL DESCRIPTION
Extent 124 p.
Other physical details illus., ports.
Dimensions 25 cm.
650 #0 - SUBJECT ADDED ENTRY--TOPICAL TERM
Topical term or geographic name entry element Public schools
Geographic subdivision India
Form subdivision Directories.

No items available.

Powered by Koha